[Event "FIDE World Cup 2011"]
[Site "Khanty-Mansiysk RUS"]
[Date "2011.08.28"]
[Round "1.1"]
[White "Malakhov, Vladimir"]
[Black "Felgaer, Ruben"]
[Result "1/2-1/2"]
[WhiteTitle "GM"]
[BlackTitle "GM"]
[WhiteElo "2706"]
[BlackElo "2573"]
[WhiteFideId "4120787"]
[BlackFideId "107069"]
[EventDate "2011.08.28"]

1. e4 c5 2. Nf3 Nc6 3. Bb5 d6 4. d4 cxd4 5. Qxd4 Bd7 6. Qd3 g6 7. O-O Bg7 8. h3
Nf6 9. c4 O-O 10. Nc3 a6 11. Bxc6 Bxc6 12. Nd4 Nd7 13. Be3 Nc5 14. Qc2 Ne6 15.
Qd2 Bxd4 16. Bxd4 f5 17. exf5 Nxd4 18. Qxd4 Rxf5 19. Rae1 Qf8 20. Nd5 Bxd5 21.
cxd5 Rc8 22. Re6 Rc5 23. Qe4 Rf4 24. Qe2 Rf7 25. Rd1 Qd8 26. b4 Rc7 27. Re1 Qf8
28. a4 Qh6 29. Qb2 Qg5 30. Qd4 Rc2 31. h4 Qd2 32. Qxd2 Rxd2 33. Rxe7 Rxd5 34.
Rxf7 Kxf7 35. Re4 Rd1+ 36. Kh2 d5 37. Rf4+ Ke7 38. g4 Rd3 39. h5 gxh5 40. gxh5
Rc3 41. Rg4 Kf6 42. Rf4+ 1/2-1/2

[Event "FIDE World Cup 2011"]
[Site "Khanty-Mansiysk RUS"]
[Date "2011.08.28"]
[Round "1.1"]
[White "Vorobiov, Evgeny E."]
[Black "Sutovsky, Emil"]
[Result "1/2-1/2"]
[WhiteTitle "GM"]
[BlackTitle "GM"]
[WhiteElo "2574"]
[BlackElo "2700"]
[WhiteFideId "4121341"]
[BlackFideId "2802007"]
[EventDate "2011.08.28"]

1. Nf3 Nf6 2. c4 g6 3. Nc3 d5 4. cxd5 Nxd5 5. Qc2 Nc6 6. d4 Ndb4 7. Qa4 Bd7 8.
Qd1 e5 9. dxe5 Bf5 10. Bg5 Be7 11. e4 Bg4 12. Bxe7 Qxe7 13. a3 Bxf3 14. gxf3 Rd8
15. Qa4 Nd3+ 16. Bxd3 Rxd3 17. Qb5 Rxf3 18. Qxb7 Nd8 19. Qb4 Qxe5 20. Rd1 c6 21.
O-O Ne6 22. Qd6 Qxd6 23. Rxd6 O-O 24. Kg2 Rd3 25. Rxd3 Nf4+ 26. Kf3 Nxd3 27. b4
f5 28. Ke2 fxe4 29. Nxe4 Nf4+ 30. Ke3 Nd5+ 31. Kd4 Rf3 32. Rc1 Ne7 33. Rc3 Rf8
34. Ke5 Rf5+ 35. Ke6 Kf8 36. Rc5 Rf4 37. Re5 Nd5 38. Kd6 Nf6 39. Nc5 Rxf2 40.
Kxc6 Rxh2 41. b5 Rb2 42. a4 h5 43. Kb7 h4 44. Kxa7 h3 45. b6 g5 46. Ne6+ Kg8 47.
Rxg5+ Kf7 48. Nd8+ Ke8 49. Nc6 h2 50. Re5+ Kd7 51. Nb8+ Kd6 52. Re1 Ra2 53. Rd1+
Ke6 54. Re1+ Kd6 55. Rd1+ Ke6 56. Re1+ 1/2-1/2

[Event "FIDE World Cup 2011"]
[Site "Khanty-Mansiysk RUS"]
[Date "2011.08.28"]
[Round "1.1"]
[White "Movsesian, Sergei"]
[Black "Hou, Yifan"]
[Result "1-0"]
[WhiteTitle "GM"]
[BlackTitle "GM"]
[WhiteElo "2700"]
[BlackElo "2575"]
[WhiteFideId "310204"]
[BlackFideId "8602980"]
[EventDate "2011.08.28"]

1. e4 c5 2. Nf3 d6 3. d4 cxd4 4. Nxd4 Nf6 5. Nc3 Nc6 6. Bg5 e6 7. Qd2 a6 8.
O-O-O Be7 9. Bxf6 gxf6 10. f4 Bd7 11. Kb1 b5 12. Nxc6 Bxc6 13. Bd3 b4 14. Ne2
Qb6 15. f5 e5 16. Ng3 h5 17. Qe2 h4 18. Nh5 Qc5 19. g4 hxg3 20. hxg3 Kd7 21. g4
Kc7 22. Rh3 Rhg8 23. Ng3 Rh8 24. Nh5 Rhg8 25. Rdh1 a5 26. Bc4 a4 27. Bxf7 a3 28.
Rd1 axb2 29. Bxg8 Rxg8 30. Rb3 Bb5 31. Qf3 Bc4 32. Rxb2 Qa5 33. Ng3 Ra8 34. Kc1
Qc5 35. Nf1 Ra3 36. Qg2 Bxa2 37. Nd2 Bg8 38. Qg1 Ra1+ 39. Nb1 d5 40. exd5 Qxg1
41. Rxg1 Bxd5 42. Rg3 e4 43. c4 Bd6 44. Rgb3 Bf7 45. Re2 e3 46. Rbxe3 Kc6 47.
Kb2 Ra8 48. Nd2 Rg8 49. Re4 Be5+ 50. Kb3 Bd6 51. Nf3 Ra8 52. Ra2 Rh8 53. Ra7 Rh3
54. Re3 Rh7 55. Ra6+ Kc5 56. Nd2 Bf4 57. Rd3 Bxd2 58. Ra5+ Kb6 59. Rb5+ Kc6 60.
Rxd2 Rh4 61. Kxb4 1-0

[Event "FIDE World Cup 2011"]
[Site "Khanty-Mansiysk RUS"]
[Date "2011.08.28"]
[Round "1.1"]
[White "Fressinet, Laurent"]
[Black "Jumabayev, Rinat"]
[Result "1-0"]
[WhiteTitle "GM"]
[BlackTitle "GM"]
[WhiteElo "2698"]
[BlackElo "2589"]
[WhiteFideId "608742"]
[BlackFideId "13702661"]
[EventDate "2011.08.28"]

1. Nf3 d5 2. c4 c6 3. d4 Nf6 4. Qb3 e6 5. g3 dxc4 6. Qxc4 b5 7. Qb3 a6 8. Bg2
Bb7 9. a4 c5 10. axb5 c4 11. Qd1 axb5 12. Rxa8 Bxa8 13. O-O Be7 14. b3 cxb3 15.
Qxb3 b4 16. Nbd2 O-O 17. Bb2 Nbd7 18. Ra1 Qb8 19. Nc4 Rc8 20. Nfd2 Bxg2 21. Kxg2
Nb6 22. Ne5 Qb7+ 23. Kg1 Nbd5 24. Ndc4 h6 25. Qd3 Bf8 26. Na5 Qb6 27. e4 Nc3 28.
Nac4 Qb7 29. f3 Nd7 30. Nxd7 Qxd7 31. Nb6 1-0

[Event "FIDE World Cup 2011"]
[Site "Khanty-Mansiysk RUS"]
[Date "2011.08.28"]
[Round "1.1"]
[White "Zherebukh, Yaroslav"]
[Black "Eljanov, Pavel"]
[Result "1/2-1/2"]
[WhiteTitle "GM"]
[BlackTitle "GM"]
[WhiteElo "2590"]
[BlackElo "2697"]
[WhiteFideId "14116804"]
[BlackFideId "14102951"]
[EventDate "2011.08.28"]

1. e4 c6 2. c4 d5 3. exd5 cxd5 4. cxd5 Nf6 5. Qa4+ Nbd7 6. Nc3 g6 7. Nf3 Bg7 8.
Bc4 O-O 9. d3 a6 10. Qa3 b6 11. O-O Bb7 12. Re1 Re8 13. Bd2 b5 14. Bb3 Nb6 15.
Ne4 Bxd5 16. Ba5 Bxb3 17. Qxb3 Nxe4 18. dxe4 Qb8 19. Rad1 Qb7 20. Bc3 e5 21. Nd2
Rac8 22. Ba5 Na4 23. Rc1 Bh6 24. Rxc8 Rxc8 25. Nf1 Bg5 26. g3 h5 27. h4 Bd8 28.
Bd2 Bb6 29. Ne3 Nc5 30. Qd5 Qc7 31. Bc3 Rd8 32. Bxe5 Qc8 33. Bd6 Nxe4 34. Qxe4
Rxd6 35. Nd5 Qe6 36. Qxe6 fxe6 37. Nxb6 1/2-1/2

[Event "FIDE World Cup 2011"]
[Site "Khanty-Mansiysk RUS"]
[Date "2011.08.28"]
[Round "1.1"]
[White "Berkes, Ferenc"]
[Black "Mareco, Sandro"]
[Result "1-0"]
[WhiteTitle "GM"]
[BlackTitle "GM"]
[WhiteElo "2696"]
[BlackElo "2597"]
[WhiteFideId "718572"]
[BlackFideId "112275"]
[EventDate "2011.08.28"]

1. Nf3 Nf6 2. g3 d5 3. Bg2 c6 4. O-O Bf5 5. d3 e6 6. Nfd2 Bc5 7. e4 Bg6 8. Kh1
dxe4 9. dxe4 h5 10. h3 h4 11. g4 e5 12. Qe1 Nbd7 13. Nb3 Bd6 14. Na3 Bc7 15. Bg5
Qe7 16. f3 Nf8 17. Bxh4 Ne6 18. Rd1 Nf4 19. Nc4 Rd8 20. Rxd8+ Bxd8 21. Bg3 Nd7
22. Nba5 Nc5 23. b4 Nce6 24. Nxb7 Bc7 25. Kh2 Nd4 26. Bxf4 exf4 27. Qf2 Ne6 28.
Qxa7 O-O 29. Nc5 Rd8 30. Na6 Bxe4 31. Nxc7 Bd5 32. Na5 Ng5 33. Qc5 Qxc7 34. c4
Ne4 35. Qg1 Be6 36. Rd1 Nc3 37. Rxd8+ Qxd8 38. Nxc6 Qd2 39. Qd4 Qe1 40. Qg1 Qg3+
41. Kh1 Bxc4 42. Ne7+ 1-0

[Event "FIDE World Cup 2011"]
[Site "Khanty-Mansiysk RUS"]
[Date "2011.08.28"]
[Round "1.1"]
[White "Kazhgaleyev, Murtas"]
[Black "Andreikin, Dmitry"]
[Result "1/2-1/2"]
[WhiteTitle "GM"]
[BlackTitle "GM"]
[WhiteElo "2597"]
[BlackElo "2696"]
[WhiteFideId "13700316"]
[BlackFideId "4158814"]
[EventDate "2011.08.28"]

1. d4 Nf6 2. c4 c5 3. d5 e5 4. Nc3 d6 5. e4 Nbd7 6. g3 g6 7. h4 a6 8. a4 h5 9.
Nf3 Be7 10. Be2 Nh7 11. Qc2 Ndf6 12. Bd2 Ng4 13. Bd3 O-O 14. Nh2 Nxh2 15. Rxh2
Bg4 16. Bh6 Re8 17. Kf1 Bf8 18. Be3 Bg7 19. Be2 Bd7 20. Kg2 Rf8 21. Kh1 Qe8 22.
Qd1 f5 23. exf5 Bxf5 24. f3 e4 25. Bf4 Bxc3 26. bxc3 Qd7 27. fxe4 Bxe4+ 28. Kg1
Nf6 29. Qd2 Rae8 30. Re1 a5 1/2-1/2

[Event "FIDE World Cup 2011"]
[Site "Khanty-Mansiysk RUS"]
[Date "2011.08.28"]
[Round "1.1"]
[White "Morozevich, Alexander"]
[Black "Halkias, Stelios"]
[Result "1/2-1/2"]
[WhiteTitle "GM"]
[BlackTitle "GM"]
[WhiteElo "2694"]
[BlackElo "2600"]
[WhiteFideId "4116992"]
[BlackFideId "4201809"]
[EventDate "2011.08.28"]

1. e4 c5 2. Nf3 Nc6 3. d4 cxd4 4. Nxd4 Nf6 5. Nc3 e5 6. Ndb5 d6 7. Bg5 a6 8. Na3
b5 9. Nd5 Be7 10. Bxf6 Bxf6 11. c4 b4 12. Nc2 a5 13. g3 O-O 14. h4 Be6 15. Qd2
Bxd5 16. cxd5 Nd4 17. Nxd4 exd4 18. Bb5 d3 19. Rb1 Qb6 20. Qxd3 Rab8 21. Bc6 b3
22. a3 Qc5 23. Ke2 Qc2+ 1/2-1/2

[Event "FIDE World Cup 2011"]
[Site "Khanty-Mansiysk RUS"]
[Date "2011.08.28"]
[Round "1.1"]
[White "Filippov, Anton UZB"]
[Black "Zhigalko, Sergei"]
[Result "1-0"]
[WhiteTitle "GM"]
[BlackTitle "GM"]
[WhiteElo "2606"]
[BlackElo "2689"]
[WhiteFideId "14200988"]
[BlackFideId "13502956"]
[EventDate "2011.08.28"]

1. e4 c5 2. Nf3 d6 3. d4 cxd4 4. Nxd4 Nf6 5. Nc3 a6 6. Be3 e5 7. Nde2 Be7 8. Ng3
h5 9. Be2 g6 10. Qd2 h4 11. Nf1 h3 12. g3 Be6 13. O-O-O b5 14. f3 Nbd7 15. Bf2
Qa5 16. Kb1 Rc8 17. Ne3 Rxc3 18. Qxc3 Qxa2+ 19. Kc1 O-O 20. Qa3 Qxa3 21. bxa3
Rc8 22. a4 Nc5 23. axb5 Nb3+ 24. Kb2 Nd4 25. Rhe1 d5 26. exd5 Bxd5 27. c3 Nxe2
28. Nxd5 Nxd5 29. Rxd5 Nxc3 30. Rdxe5 Na4+ 31. Kb1 Bf8 32. bxa6 Rb8+ 33. Ka1 Bg7
34. a7 Rd8 35. Bd4 Rxd4 36. a8=Q+ Kh7 37. Qa5 Rc4 38. Ka2 Nc3+ 39. Kb3 1-0

[Event "FIDE World Cup 2011"]
[Site "Khanty-Mansiysk RUS"]
[Date "2011.08.28"]
[Round "1.1"]
[White "Riazantsev, Alexander"]
[Black "Bluvshtein, Mark"]
[Result "1-0"]
[WhiteTitle "GM"]
[BlackTitle "GM"]
[WhiteElo "2688"]
[BlackElo "2611"]
[WhiteFideId "4125029"]
[BlackFideId "2603608"]
[EventDate "2011.08.28"]

1. d4 d5 2. c4 dxc4 3. e4 Nf6 4. e5 Nd5 5. Bxc4 Nb6 6. Bb3 Nc6 7. Ne2 Bf5 8.
Nbc3 e6 9. O-O Qd7 10. Be3 O-O-O 11. a3 Kb8 12. Qc1 f6 13. exf6 gxf6 14. Rd1 Bd6
15. Ng3 Bxg3 16. hxg3 Ne7 17. Bh6 Rhg8 18. a4 Nbd5 19. a5 Nxc3 20. bxc3 Be4 21.
Re1 Bd5 22. Rb1 Nf5 23. c4 Bc6 24. d5 exd5 25. cxd5 Bxd5 26. Rd1 Ne7 27. Be3 Qe6
28. Qc5 b6 29. Bf4 Ka8 30. Qxc7 Rd7 31. Qc3 Rc8 32. Bxd5+ Rxd5 33. Qf3 Qc6 34.
axb6 Rxd1+ 35. Qxd1 axb6 36. Qe2 Qd7 37. Ra1+ Kb7 38. Qa6+ 1-0

[Event "FIDE World Cup 2011"]
[Site "Khanty-Mansiysk RUS"]
[Date "2011.08.28"]
[Round "1.1"]
[White "Drozdovskij, Yuri"]
[Black "Motylev, Alexander"]
[Result "1/2-1/2"]
[WhiteTitle "GM"]
[BlackTitle "GM"]
[WhiteElo "2614"]
[BlackElo "2685"]
[WhiteFideId "14107180"]
[BlackFideId "4121830"]
[EventDate "2011.08.28"]

1. d4 d5 2. c4 c6 3. Nf3 Nf6 4. Qb3 dxc4 5. Qxc4 Bf5 6. g3 e6 7. Bg2 Nbd7 8. O-O
Be7 9. Rd1 O-O 10. e3 Qc7 11. Nc3 Bg6 12. Qe2 e5 13. e4 Rfe8 14. dxe5 Nxe5 15.
Bf4 Nxf3+ 16. Bxf3 Qa5 17. a3 Nh5 18. Be3 Nf6 19. Bf4 Nh5 20. Be3 Nf6 21. Bf4 1/2-1/2

[Event "FIDE World Cup 2011"]
[Site "Khanty-Mansiysk RUS"]
[Date "2011.08.28"]
[Round "1.1"]
[White "Wojtaszek, Radoslaw"]
[Black "Pashikian, Arman"]
[Result "1-0"]
[WhiteTitle "GM"]
[BlackTitle "GM"]
[WhiteElo "2683"]
[BlackElo "2616"]
[WhiteFideId "1118358"]
[BlackFideId "13301578"]
[EventDate "2011.08.28"]

1. d4 d5 2. c4 c6 3. Nc3 Nf6 4. e3 e6 5. Nf3 Nbd7 6. Bd3 dxc4 7. Bxc4 b5 8. Bd3
Bd6 9. Bd2 Bb7 10. Rc1 Rc8 11. O-O O-O 12. a3 a5 13. e4 e5 14. dxe5 Nxe5 15.
Nxe5 Bxe5 16. Qe2 Re8 17. Rfd1 Qe7 18. f3 Nd7 19. f4 Bb8 20. e5 f6 21. Bf5 fxe5
22. Ne4 exf4 23. Bb4 Qe5 24. Qh5 g6 25. Qh4 Rcd8 26. Bc3 Qe7 27. Qxe7 Rxe7 28.
Bxd7 Ba7+ 29. Kf1 Rxe4 30. Be6+ Rxe6 31. Rxd8+ Kf7 32. Rh8 Be3 33. Rd1 Re7 34.
Rdd8 Ke6 35. Rhf8 Rc7 36. Bxa5 Re7 37. Bc3 Rc7 38. Rf6+ Ke7 39. Rh8 1-0

[Event "FIDE World Cup 2011"]
[Site "Khanty-Mansiysk RUS"]
[Date "2011.08.28"]
[Round "1.1"]
[White "Nielsen, Peter Heine"]
[Black "Postny, Evgeny"]
[Result "1/2-1/2"]
[WhiteTitle "GM"]
[BlackTitle "GM"]
[WhiteElo "2681"]
[BlackElo "2618"]
[WhiteFideId "1400355"]
[BlackFideId "2804344"]
[EventDate "2011.08.28"]

1. d4 d5 2. c4 c6 3. Nc3 Nf6 4. e3 a6 5. Nf3 b5 6. b3 Bf5 7. Bd3 Bxd3 8. Qxd3 e6
9. O-O Be7 10. e4 b4 11. e5 bxc3 12. exf6 Bxf6 13. Ba3 Qa5 14. Bd6 Nd7 15. Rac1
c5 16. cxd5 cxd4 17. dxe6 fxe6 18. Qe4 Qd5 19. Qxd5 exd5 20. Rfd1 Kf7 21. Nxd4
Rhe8 22. Kf1 Re4 23. Ne2 d4 24. f3 Rxe2 25. Kxe2 Ke6 26. Bg3 Nc5 27. Bf2 d3+ 28.
Kf1 c2 29. Bxc5 cxd1=R+ 30. Rxd1 Rc8 31. b4 Rd8 32. Kf2 Bc3 33. Ke3 d2 34. Ke2
Rb8 35. Kd3 Bxb4 36. Bxb4 Rxb4 37. Rxd2 h5 38. Kc3 Rb1 39. Rb2 Rg1 40. Kb4 Kd5
41. a4 Kd4 42. Ka5 Kc3 43. Rf2 Ra1 44. Re2 g5 45. g3 h4 46. gxh4 gxh4 47. Re3+
Kc2 48. Re4 h3 49. Kxa6 Rh1 50. a5 Rxh2 51. Rh4 Kd3 52. Kb7 Rb2+ 53. Kc7 Rc2+
54. Kb6 Rb2+ 55. Kc5 Rc2+ 56. Kb5 Rb2+ 57. Ka6 h2 58. Ka7 Ke3 59. f4 Kf3 60. f5
Kg3 61. Rh8 Rb5 62. a6 Rxf5 63. Kb7 Rf7+ 64. Kb6 Kg2 65. a7 Rxa7 66. Rxh2+ Kxh2
67. Kxa7 1/2-1/2

[Event "FIDE World Cup 2011"]
[Site "Khanty-Mansiysk RUS"]
[Date "2011.08.28"]
[Round "1.1"]
[White "Romanov, Evgeny"]
[Black "Grachev, Boris"]
[Result "1/2-1/2"]
[WhiteTitle "GM"]
[BlackTitle "GM"]
[WhiteElo "2624"]
[BlackElo "2680"]
[WhiteFideId "4148843"]
[BlackFideId "4129199"]
[EventDate "2011.08.28"]

1. d4 d5 2. c4 e6 3. Nc3 Be7 4. cxd5 exd5 5. Bf4 Nf6 6. e3 O-O 7. Bd3 c5 8. dxc5
Nc6 9. Nf3 h6 10. Ne5 Bxc5 11. O-O Bd6 12. Nxc6 bxc6 13. Bxd6 Qxd6 14. Be2 Rb8
15. Qd2 c5 16. Rfd1 Rd8 17. Rac1 Be6 18. Na4 Rdc8 19. Qa5 Bg4 20. f3 Qe5 21. Qd2
Be6 22. Bf1 c4 23. Nc3 Re8 24. Qf2 Rb6 25. Rd2 Qb8 26. Re1 Qb7 27. e4 dxe4 28.
Nxe4 Nxe4 29. Rxe4 Rc8 30. Red4 Qe7 31. Rc2 Qf6 32. h3 Rbc6 33. Rc3 Qe5 34. f4
Qa5 35. f5 Qxf5 36. Qxf5 Bxf5 37. Rcxc4 Be6 38. Rxc6 Rxc6 39. Bd3 f5 40. a3 Rc1+
41. Kf2 Rd1 42. Ke2 Rg1 43. Kf2 Rd1 44. Ke2 Rg1 45. Kf2 1/2-1/2

[Event "FIDE World Cup 2011"]
[Site "Khanty-Mansiysk RUS"]
[Date "2011.08.28"]
[Round "1.1"]
[White "Inarkiev, Ernesto"]
[Black "Salgado Lopez, Ivan"]
[Result "1-0"]
[WhiteTitle "GM"]
[BlackTitle "GM"]
[WhiteElo "2679"]
[BlackElo "2626"]
[WhiteFideId "4162722"]
[BlackFideId "2257327"]
[EventDate "2011.08.28"]

1. e4 e5 2. Nf3 Nc6 3. Bb5 Nf6 4. O-O Nxe4 5. d4 Nd6 6. Bxc6 dxc6 7. dxe5 Nf5 8.
Qxd8+ Kxd8 9. Rd1+ Ke8 10. Nc3 h6 11. h3 Be7 12. g4 Nh4 13. Nxh4 Bxh4 14. Ne2
Be7 15. b3 h5 16. f3 hxg4 17. hxg4 f5 18. exf6 gxf6 19. Bf4 f5 20. g5 Rg8 21.
Kf2 Bxg5 22. Bxg5 Rxg5 23. Nf4 b6 24. Rd3 Rg7 25. Rh1 Ke7 26. Re3+ Kf7 27. Rh6
Bb7 28. Nh5 Rg5 29. f4 Rg4 30. Rh7+ Kg6 31. Rg7+ Kh6 32. Re6+ 1-0

[Event "FIDE World Cup 2011"]
[Site "Khanty-Mansiysk RUS"]
[Date "2011.08.28"]
[Round "1.1"]
[White "Gupta, Abhijeet"]
[Black "Mamedov, Rauf"]
[Result "1/2-1/2"]
[WhiteTitle "GM"]
[BlackTitle "GM"]
[WhiteElo "2627"]
[BlackElo "2679"]
[WhiteFideId "5010608"]
[BlackFideId "13401653"]
[EventDate "2011.08.28"]

1. d4 d6 2. Nf3 g6 3. c4 Bg7 4. Nc3 Nf6 5. e4 O-O 6. h3 Na6 7. Bg5 c6 8. Be2 e5
9. d5 h6 10. Be3 Nc5 11. Nd2 a5 12. g4 Bd7 13. h4 cxd5 14. cxd5 Rc8 15. f3 h5
16. g5 Ne8 17. a4 f6 18. Nb3 fxg5 19. Nxc5 dxc5 20. Bxg5 Qb6 21. Qd2 Qd6 22. Rg1
c4 23. O-O-O Kh7 24. Rg2 b5 25. axb5 Nc7 26. Rdg1 Nxb5 27. Nxb5 Bxb5 28. Qc3 Be8
29. Qa3 Qxa3 30. bxa3 Rf7 31. d6 Bf8 32. Rd1 Rd7 33. Be7 Rxe7 34. dxe7 Bxe7 35.
Rd5 Bxa3+ 36. Kb1 c3 37. Bd3 Rb8+ 38. Ka2 Bb4 39. Rxe5 Bf7+ 40. Ka1 Kh6 41. Rb5
Rxb5 42. Bxb5 Be7 43. f4 Bxh4 44. Bd3 Be7 45. e5 h4 46. Kb1 Be8 47. Kc2 Bb4 48.
e6 Ba4+ 49. Kb1 Be8 50. Kc2 Ba4+ 51. Kb1 Be8 52. Kc2 Ba4+ 1/2-1/2

[Event "FIDE World Cup 2011"]
[Site "Khanty-Mansiysk RUS"]
[Date "2011.08.28"]
[Round "1.1"]
[White "Kobalia, Mikhail"]
[Black "Lysyj, Igor"]
[Result "1/2-1/2"]
[WhiteTitle "GM"]
[BlackTitle "GM"]
[WhiteElo "2679"]
[BlackElo "2629"]
[WhiteFideId "4119150"]
[BlackFideId "4150120"]
[EventDate "2011.08.28"]

1. e4 e5 2. Nf3 Nc6 3. Bb5 Nf6 4. d3 Bc5 5. O-O d6 6. c3 O-O 7. h3 a6 8. Ba4 Ba7
9. Re1 Ne7 10. Nbd2 Ng6 11. d4 c5 12. Bc2 b5 13. Nf1 cxd4 14. cxd4 Bb7 15. Be3
Nxe4 16. dxe5 Bxe3 17. Rxe3 Ng5 18. N3h2 Nf4 19. Qg4 dxe5 20. Rxe5 Bxg2 21. Rxg5
Qxg5 22. Qxg5 Nxh3+ 23. Kxg2 Nxg5 24. a4 Ne6 25. Nf3 g6 26. Ne3 Kg7 27. Bb3 Nc5
28. Bd5 Rab8 29. axb5 Rxb5 30. b3 Nxb3 31. Rxa6 Rd8 1/2-1/2

[Event "FIDE World Cup 2011"]
[Site "Khanty-Mansiysk RUS"]
[Date "2011.08.28"]
[Round "1.1"]
[White "Socko, Bartosz"]
[Black "Bologan, Viktor"]
[Result "0-1"]
[WhiteTitle "GM"]
[BlackTitle "GM"]
[WhiteElo "2631"]
[BlackElo "2678"]
[WhiteFideId "1107038"]
[BlackFideId "13900048"]
[EventDate "2011.08.28"]

1. d4 Nf6 2. c4 e6 3. Nc3 Bb4 4. Qc2 O-O 5. a3 Bxc3+ 6. Qxc3 b6 7. Nf3 Bb7 8. e3
d6 9. Be2 Ne4 10. Qc2 Nd7 11. O-O f5 12. b4 Rf6 13. d5 Rg6 14. Bb2 c5 15. Rad1
exd5 16. cxd5 Rc8 17. Qb3 a6 18. Nd2 Nxd2 19. Rxd2 b5 20. Qd3 c4 21. Qd4 Nf6 22.
Bf3 Qd7 23. Rc1 Re8 24. g3 Rh6 25. Bg2 Ne4 26. Rdd1 Qf7 27. a4 Re7 28. axb5 axb5
29. f3 Qh5 30. fxe4 Qxh2+ 31. Kf2 fxe4 32. Rc2 Rf7+ 33. Ke1 Qxg3+ 34. Kd2 Rf2+
35. Kc1 Rxc2+ 36. Kxc2 Qxg2+ 37. Rd2 Qg4 38. Rf2 Rh1 39. Qd2 Qg1 40. Bxg7 Qb1+
41. Kc3 Rc1+ 42. Kd4 Rd1 0-1

[Event "FIDE World Cup 2011"]
[Site "Khanty-Mansiysk RUS"]
[Date "2011.08.28"]
[Round "1.1"]
[White "Bu, Xiangzhi"]
[Black "Adly, Ahmed"]
[Result "1-0"]
[WhiteTitle "GM"]
[BlackTitle "GM"]
[WhiteElo "2675"]
[BlackElo "2631"]
[WhiteFideId "8601445"]
[BlackFideId "10601619"]
[EventDate "2011.08.28"]

1. Nf3 d5 2. d4 Nf6 3. c4 e6 4. Bg5 Be7 5. Nc3 O-O 6. e3 h6 7. Bxf6 Bxf6 8. Rc1
c6 9. Bd3 Nd7 10. O-O dxc4 11. Bxc4 e5 12. Ne4 exd4 13. Nxd4 Qe7 14. f3 Ne5 15.
Bb3 Rd8 16. Qc2 Bd7 17. Rfd1 b6 18. Ne2 Be8 19. N2g3 g6 20. Nxf6+ Qxf6 21. Ne4
Qe7 22. Qc3 c5 23. Bd5 Rac8 24. h3 Bc6 25. Bxc6 Rxd1+ 26. Rxd1 Rxc6 27. Rd5 Re6
28. Qd2 f5 29. Nd6 Nc6 30. Nc4 Qh4 31. f4 Qf6 32. Rd7 Re7 33. Rd6 Qf7 34. Rxc6
Qxc4 35. Rxg6+ Kf7 36. Rxh6 Kg7 37. Qd6 Qf7 38. Rg6+ Kh7 39. Rf6 Qg7 40. Rxf5 1-0

[Event "FIDE World Cup 2011"]
[Site "Khanty-Mansiysk RUS"]
[Date "2011.08.28"]
[Round "1.1"]
[White "Ivanisevic, Ivan"]
[Black "Onischuk, Alexander"]
[Result "1/2-1/2"]
[WhiteTitle "GM"]
[BlackTitle "GM"]
[WhiteElo "2633"]
[BlackElo "2675"]
[WhiteFideId "912417"]
[BlackFideId "14101025"]
[EventDate "2011.08.28"]

1. d4 Nf6 2. c4 e6 3. Nc3 Bb4 4. Bg5 c5 5. d5 exd5 6. cxd5 d6 7. e3 Nbd7 8. Bd3
Ne5 9. Ne2 h6 10. Bh4 O-O 11. O-O Ng6 12. Bg3 Nh5 13. Bc2 Qe7 14. Qd3 Bd7 15.
Nf4 Nhxf4 16. exf4 Rfe8 17. f5 Ne5 18. Qe4 f6 19. h3 Nf7 20. Qxe7 Rxe7 21. Ne4
c4 22. a3 Bc5 23. Nxc5 dxc5 24. Rfe1 Rxe1+ 25. Rxe1 Kf8 26. Bf4 b6 27. g4 Re8
28. Re4 Rxe4 29. Bxe4 Ke7 30. Bb8 Nd6 31. f3 a6 32. Kf2 Nc8 33. Bc7 b5 34. Ke3
Be8 35. h4 Kd7 36. Bb8 Bf7 37. g5 hxg5 38. hxg5 Nb6 39. Ba7 Na4 40. g6 Bg8 41.
Bc2 Bxd5 42. Bxa4 bxa4 43. Bxc5 Ke8 44. Bb4 1/2-1/2

[Event "FIDE World Cup 2011"]
[Site "Khanty-Mansiysk RUS"]
[Date "2011.08.28"]
[Round "1.1"]
[White "Bruzon Batista, Lazaro"]
[Black "Quesada Perez, Yuniesky"]
[Result "1/2-1/2"]
[WhiteTitle "GM"]
[BlackTitle "GM"]
[WhiteElo "2673"]
[BlackElo "2635"]
[WhiteFideId "3503739"]
[BlackFideId "3504409"]
[EventDate "2011.08.28"]

1. d4 Nf6 2. c4 e6 3. g3 d5 4. Nf3 Be7 5. Bg2 O-O 6. O-O dxc4 7. Qc2 a6 8. Qxc4
b5 9. Qc2 Bb7 10. Bg5 Nbd7 11. Bxf6 Nxf6 12. Nbd2 Rc8 13. Nb3 c5 14. dxc5 Bd5
15. Rfd1 Qc7 16. Ne1 Bxb3 17. Qxb3 Bxc5 18. Nd3 Qb6 19. Rac1 Bd6 20. Rc2 Nd7 21.
Rdc1 Nc5 22. Nxc5 Rxc5 23. Bf3 Rfc8 24. Kg2 Rxc2 25. Rxc2 Rxc2 26. Qxc2 1/2-1/2

[Event "FIDE World Cup 2011"]
[Site "Khanty-Mansiysk RUS"]
[Date "2011.08.28"]
[Round "1.1"]
[White "Korobov, Anton"]
[Black "Zhou, Jianchao"]
[Result "1-0"]
[WhiteTitle "GM"]
[BlackTitle "GM"]
[WhiteElo "2671"]
[BlackElo "2636"]
[WhiteFideId "14105730"]
[BlackFideId "8603537"]
[EventDate "2011.08.28"]

1. d4 Nf6 2. c4 e6 3. Nf3 Bb4+ 4. Nbd2 O-O 5. a3 Be7 6. e4 d5 7. e5 Nfd7 8. b4
a5 9. b5 c5 10. Bb2 cxd4 11. Qc2 Nc5 12. Bxd4 Nbd7 13. Be2 b6 14. cxd5 exd5 15.
O-O Bb7 16. Rfe1 Ne6 17. Bb2 Rc8 18. Qb1 Ndc5 19. Nd4 Nxd4 20. Bxd4 Ne6 21. Nf3
Bc5 22. Qb2 Qe7 23. Bd3 g6 24. Bf1 Qc7 25. g3 Rce8 26. Rac1 Nxd4 27. Qxd4 Qe7
28. Qf4 Bxa3 29. Rcd1 Kg7 30. Nd4 f6 31. e6 Qd6 32. Qxd6 Bxd6 33. Nc6 Bxc6 34.
bxc6 Re7 35. Rxd5 Bc7 36. Rd7 Re8 37. g4 f5 38. g5 h6 39. h4 hxg5 40. hxg5 Kf8 1-0

[Event "FIDE World Cup 2011"]
[Site "Khanty-Mansiysk RUS"]
[Date "2011.08.28"]
[Round "1.1"]
[White "Li, Chao b"]
[Black "Nguyen, Ngoc Truong Son"]
[Result "1/2-1/2"]
[WhiteTitle "GM"]
[BlackTitle "GM"]
[WhiteElo "2669"]
[BlackElo "2637"]
[WhiteFideId "8604436"]
[BlackFideId "12401110"]
[EventDate "2011.08.28"]

1. d4 e6 2. c4 f5 3. g3 Nf6 4. Bg2 c6 5. Nf3 d5 6. O-O Bd6 7. b3 Qe7 8. a4 a5 9.
Ba3 Bxa3 10. Nxa3 Nbd7 11. Nc2 O-O 12. Nce1 b6 13. Nd3 Ba6 14. Rc1 Rac8 15. c5
Bxd3 16. exd3 bxc5 17. Re1 Qd6 18. Qd2 g6 19. Qe3 Rce8 20. dxc5 Qc7 21. d4 f4
22. Qxf4 Qxf4 23. gxf4 Nh5 24. b4 axb4 25. Rb1 Rxf4 26. a5 Ra8 27. Ra1 e5 28.
Nxe5 Nxe5 29. Rxe5 b3 30. Ra4 Ng7 31. Bh3 b2 32. Rb4 Rxd4 33. Rxb2 Kf7 34. Ra2
Rc4 35. a6 Rxc5 36. a7 Rb5 37. Bd7 Rb7 38. Bxc6 Raxa7 1/2-1/2